[Event "Junior Online 4NCL Division 1"]
[Site "online"]
[Date "2020.04.16"]
[Round "1.11"]
[White "Kan, Toby"]
[Black "Li, Henry"]
[Result "0-1"]
[WhiteElo "1870"]
[BlackElo "2304"]
[PlyCount "64"]
[EventDate "2020.04.16"]
[WhiteTeam "Chess in Schools"]
[BlackTeam "Gonzaga College SJ A"]

1. e4 e5 2. Nf3 Nc6 3. Bc4 Nf6 4. d3 Be7 5. Nbd2 O-O 6. O-O d6 7. h3 Na5 8. Re1
c6 9. Nf1 Qc7 10. Ng3 h6 11. a4 Nxc4 12. dxc4 Be6 13. Qe2 Rfe8 14. Bd2 d5 15.
exd5 cxd5 16. Nxe5 dxc4 17. Bc3 Bd6 18. Rad1 Rad8 19. Qf3 Bc5 20. Nf5 Bxf5 21.
Qxf5 Nd5 22. Qf3 Nxc3 23. Qxc3 Rxd1 24. Rxd1 Qxe5 25. Qxc4 Bd6 26. g3 Bc5 27.
Qb5 Qxg3+ 28. Kh1 Qf3+ 29. Kh2 Qxf2+ 30. Kh1 Qf3+ 31. Kh2 Re2+ 32. Qxe2 Qxe2+
0-1

[Event "Junior Online 4NCL Division 1"]
[Site "online"]
[Date "2020.04.16"]
[Round "1.12"]
[White "Carroll, Peter"]
[Black "Supatan, Denzel"]
[Result "1-0"]
[WhiteElo "2006"]
[BlackElo "1712"]
[PlyCount "89"]
[EventDate "2020.04.16"]
[WhiteTeam "Gonzaga College SJ A"]
[BlackTeam "Chess in Schools"]

1. d4 e6 2. Nc3 d5 3. Bf4 Nf6 4. e3 c5 5. Nf3 Qb6 6. Nb5 Na6 7. a4 c4 8. b3
cxb3 9. c3 Bd7 10. Qxb3 Ne4 11. Ne5 Nxc3 12. Qxc3 Bb4 13. Qxb4 Nxb4 14. Rc1 Rc8
15. Rxc8+ Bxc8 16. Be2 O-O 17. O-O a6 18. Nc3 f6 19. Nf3 Bd7 20. Rb1 a5 21. Nb5
Bxb5 22. Bxb5 Rc8 23. Nd2 Na2 24. Rb3 Rc3 25. Rb2 Nb4 26. Nb3 Rc2 27. Rb1 Na6
28. h4 h6 29. h5 Kf7 30. Na1 Rc3 31. Be8+ Kxe8 32. Rxb6 Rc1+ 33. Kh2 Rxa1 34.
Rxb7 Rxa4 35. Rxg7 Rb4 36. Bxh6 a4 37. Bf4 e5 38. h6 Kf8 39. dxe5 fxe5 40. Bxe5
Rh4+ 41. Kg3 Rxh6 42. Ra7 a3 43. Bg7+ Kg8 44. Bxh6 a2 45. Rxa6 1-0

[Event "Junior Online 4NCL Division 1"]
[Site "online"]
[Date "2020.04.16"]
[Round "1.13"]
[White "Acharya, Kandara"]
[Black "Moran, Darragh"]
[Result "0-1"]
[WhiteElo "1607"]
[BlackElo "1831"]
[PlyCount "100"]
[EventDate "2020.04.16"]
[WhiteTeam "Chess in Schools"]
[BlackTeam "Gonzaga College SJ A"]

1. e4 e6 2. d4 d5 3. exd5 exd5 4. c3 Nf6 5. Nf3 Bg4 6. h3 Bh5 7. Bd3 Nc6 8. O-O
Bd6 9. Re1+ Ne7 10. Bg5 Qd7 11. Bxf6 gxf6 12. Be2 O-O-O 13. a4 Rhg8 14. Kh1 Rg7
15. Nbd2 Rdg8 16. Bf1 Ng6 17. g3 f5 18. Bg2 f4 19. g4 Bxg4 20. hxg4 Qxg4 21.
Nh2 Qg5 22. Qg4+ Qxg4 23. Nxg4 Nh4 24. f3 Nxg2 25. Kxg2 f5 26. Rg1 fxg4 27.
fxg4 Rxg4+ 28. Kf2 Rxg1 29. Rxg1 Rxg1 30. Kxg1 Kd7 31. Nf3 h6 32. Kg2 Ke6 33.
Kh3 Kf5 34. Nd2 Be7 35. b4 Bg5 36. b5 Ke6 37. Nf3 Kd6 38. Kg4 c6 39. bxc6 Kxc6
40. Kf5 Kb6 41. Ke5 Ka5 42. Kxd5 Kxa4 43. Kc5 Be7+ 44. Kd5 Kb5 45. Ke6 Bd8 46.
d5 a5 47. Ke5 a4 48. Kd4 a3 49. c4+ Kb4 50. Nd2 a2 0-1

[Event "Junior Online 4NCL Division 1"]
[Site "online"]
[Date "2020.04.16"]
[Round "1.14"]
[White "Phelan, Leo"]
[Black "Twohig, Tycho"]
[Result "1-0"]
[WhiteElo "1745"]
[BlackElo "1570"]
[PlyCount "105"]
[EventDate "2020.04.16"]
[WhiteTeam "Gonzaga College SJ A"]
[BlackTeam "Chess in Schools"]

1. d4 d5 2. c4 e6 3. Nc3 Nf6 4. cxd5 exd5 5. Bg5 Be7 6. e3 Nc6 7. a3 O-O 8. Bd3
h6 9. Bf4 Bd6 10. Bg3 Bg4 11. Nge2 Re8 12. Rc1 Bxg3 13. hxg3 Qd6 14. Qd2 Ne4
15. Bxe4 dxe4 16. Rh4 Bf5 17. b4 a6 18. Rf4 Qg6 19. Rh4 Rad8 20. Nf4 Qd6 21.
Rh2 b5 22. Qc2 Nxd4 23. exd4 Qxd4 24. Nce2 e3 25. Nxd4 Bxc2 26. Nxc2 exf2+ 27.
Kxf2 Rd2+ 28. Kf3 Red8 29. Rhh1 Kh7 30. Rhe1 g5 31. Ne2 Re8 32. Ncd4 Rd3+ 33.
Kf2 Rxa3 34. Rxc7 Kg6 35. Rec1 Ra4 36. R7c6+ Kg7 37. Rb6 Rxb4 38. Rxa6 Rb2 39.
Rb6 b4 40. Rc4 f6 41. Rbxb4 Rbxe2+ 42. Nxe2 Kg6 43. Rc6 Re5 44. Rbb6 Rf5+ 45.
Ke1 Re5 46. Rxf6+ Kh5 47. Kf2 g4 48. Nf4+ Kg5 49. Rxh6 Re2+ 50. Nxe2 Kf5 51.
Rbf6+ Kg5 52. Rhg6+ Kh5 53. Nf4# 1-0

[Event "Junior Online 4NCL Division 1"]
[Site "online"]
[Date "2020.04.16"]
[Round "1.15"]
[White "Li, Henry"]
[Black "Kan, Toby"]
[Result "1-0"]
[WhiteElo "2304"]
[BlackElo "1870"]
[PlyCount "41"]
[EventDate "2020.04.16"]
[WhiteTeam "Gonzaga College SJ A"]
[BlackTeam "Chess in Schools"]

1. e4 c5 2. Nc3 Nc6 3. Bb5 Nd4 4. Bc4 g6 5. Nf3 Bg7 6. Nxd4 cxd4 7. Qf3 e6 8.
Nb5 d6 9. Qa3 Be5 10. O-O d5 11. exd5 exd5 12. Re1 Ne7 13. Rxe5 dxc4 14. d3 Be6
15. Bg5 h6 16. Bf6 Rg8 17. Nxd4 Qd7 18. Rae1 Rc8 19. Nxe6 fxe6 20. Rxe6 Rc7 21.
Rxe7+ 1-0

[Event "Junior Online 4NCL Division 1"]
[Site "online"]
[Date "2020.04.16"]
[Round "1.16"]
[White "Supatan, Denzel"]
[Black "Carroll, Peter"]
[Result "0-1"]
[WhiteElo "1712"]
[BlackElo "2006"]
[PlyCount "46"]
[EventDate "2020.04.16"]
[WhiteTeam "Chess in Schools"]
[BlackTeam "Gonzaga College SJ A"]

1. e4 c5 2. c3 d5 3. exd5 Nf6 4. d4 Nxd5 5. Nf3 e6 6. Bd3 cxd4 7. Nxd4 Bc5 8.
Be3 Qb6 9. Qc2 Nc6 10. Nxc6 Bxe3 11. Nxa7 Rxa7 12. fxe3 Qxe3+ 13. Qe2 Qc1+ 14.
Qd1 Qxb2 15. Nd2 O-O 16. O-O Ne3 17. Qh5 g6 18. Rf6 Qxa1+ 19. Nb1 gxh5 20. Rh6
Rxa2 21. Bxh7+ Kg7 22. Rxh5 f5 23. Rg5+ Kxh7 0-1

[Event "Junior Online 4NCL Division 1"]
[Site "online"]
[Date "2020.04.16"]
[Round "1.17"]
[White "Moran, Darragh"]
[Black "Acharya, Kandara"]
[Result "1-0"]
[WhiteElo "1831"]
[BlackElo "1607"]
[PlyCount "61"]
[EventDate "2020.04.16"]
[WhiteTeam "Gonzaga College SJ A"]
[BlackTeam "Chess in Schools"]

1. e4 c5 2. Nc3 g6 3. d4 cxd4 4. Qxd4 Nc6 5. Qxh8 Nf6 6. Bh6 d6 7. Qxf8+ Kd7 8.
Qxd8+ Kxd8 9. Nf3 Bg4 10. Be2 Bxf3 11. Bxf3 Nd4 12. O-O-O e5 13. Bg5 Ke7 14.
Nd5+ Kf8 15. Bxf6 Rc8 16. Rxd4 exd4 17. Bxd4 b6 18. Rd1 Rc4 19. b3 Rc8 20. Rd3
h5 21. Rc3 Re8 22. Nf6 Rd8 23. Rc7 h4 24. Be2 g5 25. Bc4 Kg7 26. Rxf7+ Kg6 27.
Ng4 Rc8 28. Rg7+ Kh5 29. h3 Rf8 30. Bf7+ Rxf7 31. Rxf7 1-0

[Event "Junior Online 4NCL Division 1"]
[Site "online"]
[Date "2020.04.16"]
[Round "1.18"]
[White "Twohig, Tycho"]
[Black "Phelan, Leo"]
[Result "0-1"]
[WhiteElo "1570"]
[BlackElo "1745"]
[PlyCount "86"]
[EventDate "2020.04.16"]
[WhiteTeam "Chess in Schools"]
[BlackTeam "Gonzaga College SJ A"]

1. e4 c6 2. d4 d5 3. e5 Bf5 4. Nc3 h5 5. Nf3 e6 6. Bd3 Bxd3 7. cxd3 Nd7 8. O-O
Ne7 9. h3 Nf5 10. Bg5 Qb6 11. Be3 Nxe3 12. fxe3 Qxb2 13. Qb3 Qxb3 14. axb3 Bb4
15. Rfc1 O-O 16. Ra4 a5 17. Na2 Nb6 18. Nxb4 Nxa4 19. bxa4 axb4 20. Ra1 b5 21.
a5 f6 22. a6 Rf7 23. exf6 gxf6 24. e4 Rfa7 25. exd5 exd5 26. g4 Rxa6 27. Rxa6
Rxa6 28. gxh5 Ra3 29. Ne1 b3 30. h6 Ra1 31. Kf2 Rxe1 32. Kxe1 b2 33. h7+ Kxh7
34. Kf2 b1=Q 35. Kf3 Qxd3+ 36. Kf4 Qe4+ 37. Kg3 Kh6 38. Kh2 Kh5 39. Kg3 Kg5 40.
Kh2 Kh4 41. Kg1 Qc2 42. Kf1 Kg3 43. h4 Qf2# 0-1

[Event "Junior Online 4NCL Division 1"]
[Site "online"]
[Date "2020.04.16"]
[Round "1.21"]
[White "Cordova-Lopez, Diego Anton"]
[Black "Korsinskij, Marek"]
[Result "0-1"]
[WhiteElo "1780"]
[BlackElo "1795"]
[PlyCount "104"]
[EventDate "2020.04.16"]
[WhiteTeam "King's College Junior"]
[BlackTeam "Liverpool 1"]

1. e4 c5 2. Nf3 d6 3. d4 cxd4 4. Nxd4 Nf6 5. Nc3 a6 6. h3 e6 7. g4 Be7 8. g5
Nfd7 9. Bg2 Bxg5 10. Nxe6 fxe6 11. Qh5+ g6 12. Qxg5 Qxg5 13. Bxg5 Nc6 14. O-O-O
O-O 15. f4 Kg7 16. Rhf1 h6 17. Bh4 e5 18. f5 gxf5 19. exf5 Nd4 20. Be4 Nf6 21.
Rg1+ Kh8 22. Rg6 Nxe4 23. Rxh6+ Kg7 24. Rg6+ Kh7 25. Nxe4 Bxf5 26. Rxd6 Bxe4
27. Rd7+ Kh6 28. Re7 Rae8 29. Re1 Rxe7 30. Bxe7 Re8 31. Bc5 Bg6 32. Bxd4 exd4
33. Rxe8 Bxe8 34. Kd2 Kg6 35. Kd3 Kf6 36. Kxd4 Kg5 37. c4 Kh4 38. b4 Kxh3 39.
c5 Kg4 40. Kd5 Kf5 41. Kd6 Ke4 42. Kc7 Bc6 43. a4 Kd4 44. b5 axb5 45. axb5 Kxc5
46. bxc6 bxc6 47. Kd7 Kd5 48. Kc7 c5 49. Kb6 c4 50. Kb5 c3 51. Kb4 c2 52. Kb3
c1=Q 0-1

[Event "Junior Online 4NCL Division 1"]
[Site "online"]
[Date "2020.04.16"]
[Round "1.22"]
[White "Bashar, Rovezi"]
[Black "Kumar, Sanjit S"]
[Result "1-0"]
[WhiteElo "1757"]
[BlackElo "1765"]
[PlyCount "39"]
[EventDate "2020.04.16"]
[WhiteTeam "Liverpool 1"]
[BlackTeam "King's College Junior"]

1. d4 d5 2. c4 e6 3. Nc3 c5 4. cxd5 exd5 5. dxc5 d4 6. Na4 Nc6 7. Nf3 Nf6 8. e3
dxe3 9. Qxd8+ Kxd8 10. Bxe3 Bg4 11. O-O-O+ Kc7 12. Bf4+ Kc8 13. Be2 Be7 14.
Rhe1 Rd8 15. Rxd8+ Kxd8 16. Ng5 Kc8 17. f3 Bf5 18. Nxf7 Bg6 19. Bc4 Bf8 20.
Re8+ 1-0

[Event "Junior Online 4NCL Division 1"]
[Site "online"]
[Date "2020.04.16"]
[Round "1.23"]
[White "Hill-Wood, T Wilfred D"]
[Black "Korsinskij, Nikolas"]
[Result "1-0"]
[WhiteElo "1577"]
[BlackElo "1705"]
[PlyCount "125"]
[EventDate "2020.04.16"]
[WhiteTeam "King's College Junior"]
[BlackTeam "Liverpool 1"]

1. e4 c5 2. Nc3 e6 3. Bc4 a6 4. d3 b5 5. Bb3 Bb7 6. Nf3 Qc7 7. Be3 Nc6 8. a3
Be7 9. O-O Nf6 10. Qd2 Na5 11. Ba2 d5 12. Bf4 Qd8 13. Rfe1 d4 14. Ne2 Nc6 15.
Ne5 Nxe5 16. Bxe5 Bd6 17. Bxd6 Qxd6 18. Qf4 e5 19. Qg5 O-O 20. Ng3 g6 21. Nf5
Qd8 22. Nh6+ Kg7 23. Nf5+ Kh8 24. Nh6 Kg7 25. Nf5+ Kh8 26. Ng3 Nd7 27. Qxd8
Raxd8 28. Rf1 Nb6 29. f4 exf4 30. Rxf4 f6 31. Raf1 Kg7 32. e5 fxe5 33. Rf7+
Rxf7 34. Rxf7+ Kh6 35. Rxb7 Na4 36. Ne4 Rf8 37. g4 Nxb2 38. g5+ Kh5 39. Rxh7+
Kg4 40. Be6+ Kf3 41. Rf7+ Rxf7 42. Bxf7 Ke3 43. Bxg6 Na4 44. Bf7 b4 45. axb4
cxb4 46. g6 Nc3 47. Nxc3 dxc3 48. g7 b3 49. Bxb3 a5 50. g8=Q a4 51. Qg3+ Kd2
52. Qf2+ Kc1 53. Qe1+ Kb2 54. Bxa4 Ka3 55. Qxc3+ Kxa4 56. Qb3+ Ka5 57. h4 e4
58. dxe4 Ka6 59. e5 Ka7 60. e6 Ka6 61. e7 Ka5 62. e8=Q Ka6 63. Qea4# 1-0

[Event "Junior Online 4NCL Division 1"]
[Site "online"]
[Date "2020.04.16"]
[Round "1.24"]
[White "Maher, Luke"]
[Black "Soulier, Alfred"]
[Result "1/2-1/2"]
[WhiteElo "1660"]
[BlackElo "1495"]
[PlyCount "183"]
[EventDate "2020.04.16"]
[WhiteTeam "Liverpool 1"]
[BlackTeam "King's College Junior"]

1. e4 c5 2. Nf3 d6 3. Nc3 Nf6 4. d4 cxd4 5. Nxd4 a6 6. Be2 e6 7. Be3 b5 8. O-O
Be7 9. a3 O-O 10. f4 Bb7 11. Bf3 Nbd7 12. Nde2 Qc7 13. Ng3 Rac8 14. Qe2 Rfd8
15. Rad1 Nc5 16. f5 d5 17. fxe6 fxe6 18. exd5 Nxd5 19. Nxd5 exd5 20. Kh1 d4 21.
Rxd4 Ne6 22. Rxd8+ Rxd8 23. Bxb7 Qxb7 24. Bg1 Qd7 25. Nf5 Re8 26. Re1 Kf7 27.
Nxe7 Rxe7 28. Qf3+ Ke8 29. Qa8+ Nd8 30. Rxe7+ Kxe7 31. Qxa6 Qf5 32. Qa7+ Ke6
33. Qb6+ Kd7 34. Qd4+ Ke8 35. Qxg7 Qxc2 36. Qe5+ Kf7 37. Qxb5 Qd1 38. Qf5+ Ke8
39. Qxh7 Ne6 40. Qe4 Kd7 41. b4 Qa4 42. Qd5+ Ke7 43. Bc5+ Nxc5 44. Qxc5+ Kf6
45. h3 Qxa3 46. Qc6+ Ke5 47. Qc5+ Kf6 48. Qc6+ Ke7 49. b5 Qa1+ 50. Kh2 Qe5+ 51.
g3 Qb2+ 52. Kg1 Qb1+ 53. Kf2 Qb2+ 54. Kf3 Qb3+ 55. Kf4 Qf7+ 56. Kg4 Qg7+ 57.
Kf3 Qf7+ 58. Ke3 Qb3+ 59. Kf4 Qf7+ 60. Ke3 Qb3+ 61. Kf2 Qb2+ 62. Kg1 Qb1+ 63.
Kh2 Qb2+ 64. Qg2 Qxb5 65. Qe4+ Kd7 66. Qg4+ Kd6 67. Qg6+ Kc7 68. Qf7+ Kd6 69.
Qf8+ Ke6 70. Qh6+ Ke7 71. Qg7+ Kd6 72. Qd4+ Ke7 73. Qf2 Kd6 74. h4 Qh5 75. Qf4+
Kc6 76. Kh3 Qd1 77. Qe4+ Kb6 78. Qe3+ Kb5 79. Qg5+ Kc6 80. Qf6+ Kb5 81. Qe5+
Kb6 82. Qe3+ Kc6 83. Qe4+ Kc5 84. Qe7+ Kc4 85. Qc7+ Kb5 86. Qb7+ Kc5 87. Qa7+
Kb5 88. Qb8+ Kc5 89. Qc8+ Kb5 90. h5 Qxh5+ 91. Kg2 Qe2+ 92. Kh3 1/2-1/2

[Event "Junior Online 4NCL Division 1"]
[Site "online"]
[Date "2020.04.16"]
[Round "1.25"]
[White "Korsinskij, Marek"]
[Black "Cordova-Lopez, Diego Anton"]
[Result "1-0"]
[WhiteElo "1795"]
[BlackElo "1780"]
[PlyCount "67"]
[EventDate "2020.04.16"]
[WhiteTeam "Liverpool 1"]
[BlackTeam "King's College Junior"]

1. e4 c5 2. Nf3 g6 3. d4 cxd4 4. Nxd4 Nc6 5. Nxc6 bxc6 6. e5 Bg7 7. f4 e6 8.
Nc3 Ne7 9. Bd3 a5 10. Be3 O-O 11. Qd2 Ba6 12. Bxa6 Rxa6 13. O-O-O Qc7 14. Bc5
Nd5 15. Bxf8 Bxf8 16. Nxd5 cxd5 17. Qd3 Rb6 18. h4 Qb8 19. Qd4 Rb4 20. Qc3 Rxf4
21. h5 Rc4 22. Qxa5 Qxe5 23. hxg6 Qg5+ 24. Qd2 Qxg6 25. Qd3 Re4 26. Kb1 Bg7 27.
Qb3 Re2 28. Rd3 Qxg2 29. Qb8+ Bf8 30. Rg3+ Qxg3 31. Qxg3+ Kh8 32. Rg1 Re1+ 33.
Rxe1 Bg7 34. Rg1 1-0

[Event "Junior Online 4NCL Division 1"]
[Site "online"]
[Date "2020.04.16"]
[Round "1.26"]
[White "Kumar, Sanjit S"]
[Black "Bashar, Rovezi"]
[Result "0-1"]
[WhiteElo "1765"]
[BlackElo "1757"]
[PlyCount "30"]
[EventDate "2020.04.16"]
[WhiteTeam "King's College Junior"]
[BlackTeam "Liverpool 1"]

1. e4 c6 2. d4 d5 3. e5 Bf5 4. h4 h6 5. g4 Bh7 6. e6 fxe6 7. Bd3 Nf6 8. Bxh7
Rxh7 9. Qd3 Qb6 10. g5 hxg5 11. Bxg5 Qxb2 12. Nf3 Qxa1 13. Qb3 b5 14. Bc1 a5
15. Nfd2 Qxd4 0-1

[Event "Junior Online 4NCL Division 1"]
[Site "online"]
[Date "2020.04.16"]
[Round "1.27"]
[White "Korsinskij, Nikolas"]
[Black "Hill-Wood, T Wilfred D"]
[Result "0-1"]
[WhiteElo "1705"]
[BlackElo "1577"]
[PlyCount "110"]
[EventDate "2020.04.16"]
[WhiteTeam "Liverpool 1"]
[BlackTeam "King's College Junior"]

1. e4 e6 2. d4 d5 3. Nd2 c5 4. c3 dxe4 5. Nxe4 Nf6 6. Bg5 Be7 7. Bxf6 Bxf6 8.
Nxc5 b6 9. Bb5+ Bd7 10. Nxd7 Nxd7 11. Qa4 a6 12. Bc6 Ra7 13. Nf3 O-O 14. O-O
Qc7 15. Be4 b5 16. Qc2 h6 17. Rac1 Nb6 18. Nd2 Nc4 19. Nxc4 Qxc4 20. a3 Rc8 21.
Rfd1 Bg5 22. Rb1 Qc7 23. g3 Qd6 24. Rf1 Rac7 25. Qe2 Qb6 26. Kh1 a5 27. f4 Bf6
28. Rbc1 b4 29. axb4 axb4 30. Qd3 bxc3 31. Rxc3 Qxd4 32. Qxd4 Bxd4 33. Rxc7
Rxc7 34. Rd1 Bf6 35. Rb1 g6 36. b4 Rc8 37. b5 Rb8 38. b6 Kf8 39. b7 Ke7 40. Rb6
Kd7 41. Ra6 Kc7 42. Ra8 Be7 43. Kg2 Bd6 44. Kh3 Kb6 45. Kg4 f5+ 46. Kf3 fxe4+
47. Kxe4 Kxb7 48. Rxb8+ Kxb8 49. h4 Kc7 50. g4 Kd7 51. f5 gxf5+ 52. gxf5 e5 53.
Kd5 Ke7 54. Ke4 Kf6 55. h5 Bc7 0-1

[Event "Junior Online 4NCL Division 1"]
[Site "online"]
[Date "2020.04.16"]
[Round "1.28"]
[White "Soulier, Alfred"]
[Black "Maher, Luke"]
[Result "1-0"]
[WhiteElo "1495"]
[BlackElo "1660"]
[PlyCount "55"]
[EventDate "2020.04.16"]
[WhiteTeam "King's College Junior"]
[BlackTeam "Liverpool 1"]

1. d4 Nf6 2. Nc3 e6 3. e4 Bb4 4. Bd3 O-O 5. f4 d5 6. e5 Ne4 7. Bxe4 dxe4 8. Be3
f5 9. h4 Bd7 10. Qd2 Nc6 11. O-O-O Qe7 12. Nge2 Na5 13. Rdg1 Nc4 14. Qe1 Nxe3
15. Qd2 Nc4 16. Qe1 e3 17. g4 Ba3 18. Nd1 Bb4 19. c3 Ba5 20. gxf5 exf5 21. Qg3
Bc6 22. Rh2 Nd2 23. Rh3 Bf3 24. Nxe3 Bxe2 25. Kxd2 Bb5 26. Nd5 Qf7 27. e6 Qg6
28. Ne7+ 1-0

[Event "Junior Online 4NCL Division 1"]
[Site "online"]
[Date "2020.04.16"]
[Round "1.31"]
[White "Watson, Mikey J"]
[Black "Cont, Arya"]
[Result "1/2-1/2"]
[WhiteElo "2042"]
[BlackElo "2147"]
[PlyCount "104"]
[EventDate "2020.04.16"]
[WhiteTeam "KJCA Young Kestrels A"]
[BlackTeam "Ojays A"]

1. Nf3 d5 2. d4 c6 3. g3 g6 4. Bg2 Bg7 5. O-O Nd7 6. c4 Ngf6 7. b3 O-O 8. Bb2
Ne4 9. Nbd2 Ndf6 10. Rc1 Bf5 11. Ne5 Qa5 12. Nxe4 Nxe4 13. a3 Rfd8 14. b4 Qb6
15. c5 Qc7 16. f3 Nf6 17. Qd2 Nd7 18. Qf4 Nxe5 19. dxe5 f6 20. exf6 Qxf4 21.
gxf4 Bxf6 22. Be5 Kf7 23. e4 Be6 24. Rfd1 dxe4 25. fxe4 Bxe5 26. fxe5 Bg4 27.
Rf1+ Ke6 28. h3 Be2 29. Rf2 Rd1+ 30. Rxd1 Bxd1 31. Rd2 Bh5 32. Kf2 Rb8 33. Kg3
Kxe5 34. h4 Kf6 35. Rd7 Kf7 36. Kf4 h6 37. Bh3 Be2 38. Ke5 Bc4 39. Bg4 Ke8 40.
Rd4 Bf7 41. Bd7+ Kf8 42. Be6 Be8 43. Rd2 Kg7 44. Bg4 h5 45. Bh3 Ra8 46. Ke6
Bf7+ 47. Ke5 a5 48. Rd7 axb4 49. axb4 Rb8 50. Rxe7 Kf8 51. Rd7 Be8 52. Rc7 b6
1/2-1/2

[Event "Junior Online 4NCL Division 1"]
[Site "online"]
[Date "2020.04.16"]
[Round "1.32"]
[White "Sieczkowski, Adam"]
[Black "Ismail, Mohammed Aayan"]
[Result "0-1"]
[WhiteElo "2005"]
[BlackElo "2042"]
[PlyCount "168"]
[EventDate "2020.04.16"]
[WhiteTeam "Ojays A"]
[BlackTeam "KJCA Young Kestrels A"]

1. Nf3 c6 2. c4 d5 3. g3 Nf6 4. Bg2 g6 5. O-O Bg7 6. d4 O-O 7. Nc3 Ne4 8. cxd5
Nxc3 9. bxc3 cxd5 10. Bf4 Nc6 11. Rb1 b6 12. c4 Be6 13. Ne5 Rc8 14. cxd5 Bxd5
15. e4 Nxe5 16. dxe5 Bxa2 17. Ra1 Bc4 18. Re1 a6 19. Bf1 Bxf1 20. Kxf1 Qxd1 21.
Rexd1 Rc4 22. Rxa6 Rxe4 23. Rxb6 h6 24. h4 Ra8 25. Rb7 Bf8 26. Rbd7 g5 27. hxg5
hxg5 28. Bxg5 Rxe5 29. Bf4 Rea5 30. Rd8 Rxd8 31. Rxd8 Kg7 32. Kg2 e6 33. Rd2
Be7 34. Be3 Bf6 35. f4 Bc3 36. Rc2 Bf6 37. Kf2 Ra1 38. g4 Kg6 39. g5 Bg7 40.
Kg2 Rd1 41. Rf2 Rd3 42. Bd2 Kf5 43. Bc1 Kg4 44. Kh2 Rc3 45. Rg2+ Kh4 46. Bd2
Rh3+ 47. Kg1 Bd4+ 48. Kf1 Kh5 49. Ke2 Kg6 50. Bc1 Kf5 51. Bd2 Bc3 52. Bc1 Bb4
53. Be3 Bd6 54. Bd2 Bxf4 55. Bxf4 Kxf4 56. g6 fxg6 57. Rxg6 e5 58. Rg8 Rh2+ 59.
Kf1 Ke3 60. Ra8 Rh1+ 61. Kg2 Rd1 62. Re8 e4 63. Ra8 Ke2 64. Kg3 e3 65. Kg2 Ke1
66. Re8 e2 67. Re7 Rd2 68. Ra7 Rb2 69. Ra1+ Kd2 70. Kf2 Rc2 71. Re1 Kd3 72. Rh1
e1=Q+ 73. Kxe1 Rc1+ 74. Kf2 Rxh1 75. Kg3 Rf1 76. Kg2 Rf8 77. Kh2 Rg8 78. Kh3
Ke3 79. Kh4 Kf4 80. Kh5 Rg1 81. Kh6 Kf5 82. Kh7 Kf6 83. Kh8 Kf7 84. Kh7 Rh1#
0-1

[Event "Junior Online 4NCL Division 1"]
[Site "online"]
[Date "2020.04.16"]
[Round "1.33"]
[White "Ratnesan, Rajeiv"]
[Black "Zhu, Hou Ning"]
[Result "1-0"]
[WhiteElo "2057"]
[BlackElo "1885"]
[PlyCount "121"]
[EventDate "2020.04.16"]
[WhiteTeam "KJCA Young Kestrels A"]
[BlackTeam "Ojays A"]

1. Nf3 d5 2. g3 Nf6 3. Bg2 c6 4. O-O e6 5. b3 Be7 6. Bb2 O-O 7. c4 Nbd7 8. d4
b6 9. e3 Bb7 10. Qe2 Rc8 11. Rd1 Qc7 12. Nc3 Rfd8 13. Rac1 Qb8 14. e4 dxe4 15.
Nxe4 Nxe4 16. Qxe4 c5 17. Qe3 Bf6 18. Bc3 cxd4 19. Bxd4 Bxd4 20. Rxd4 Nf6 21.
Rcd1 Qc7 22. Ne5 Bxg2 23. Kxg2 h6 24. Qd2 Rxd4 25. Qxd4 Qb7+ 26. f3 Qe7 27. Kf2
Qc5 28. Qxc5 bxc5 29. Rd6 Kf8 30. Ra6 Rc7 31. Nc6 Nd7 32. Nxa7 Ne5 33. Nb5 Rd7
34. Rd6 Nd3+ 35. Ke3 Rxd6 36. Nxd6 Nc1 37. Nb7 Nxa2 38. Nxc5 Ke7 39. Nd3 Nc3
40. Kd2 Nb1+ 41. Kc2 Na3+ 42. Kb2 Nxc4+ 43. bxc4 Kd6 44. Kc3 Kc6 45. Kd4 Kd6
46. c5+ Kc7 47. Ne5 f6 48. Nf7 Kd7 49. Nd6 h5 50. Ne4 Kc6 51. Nf2 Kd7 52. Kc4
Kc6 53. Nd3 g5 54. Nb4+ Kd7 55. Kb5 h4 56. c6+ Kc8 57. Kb6 hxg3 58. hxg3 f5 59.
c7 g4 60. fxg4 fxg4 61. Nc6 1-0

[Event "Junior Online 4NCL Division 1"]
[Site "online"]
[Date "2020.04.16"]
[Round "1.34"]
[White "Hobson, Kenneth"]
[Black "Moore, Eoin"]
[Result "0-1"]
[WhiteElo "1765"]
[BlackElo "1735"]
[PlyCount "134"]
[EventDate "2020.04.16"]
[WhiteTeam "Ojays A"]
[BlackTeam "KJCA Young Kestrels A"]

1. e4 e6 2. d4 d5 3. e5 c5 4. c3 Qb6 5. Nf3 Nc6 6. Bd3 cxd4 7. cxd4 Bd7 8. O-O
Nxd4 9. Nxd4 Qxd4 10. Nc3 a6 11. Re1 Ne7 12. Be3 Qb4 13. Qe2 Ng6 14. a3 Qa5 15.
b4 Qc7 16. Rac1 Qxe5 17. b5 Bd6 18. g3 d4 19. f4 Qxe3+ 20. Qxe3 dxe3 21. bxa6
bxa6 22. Ne4 Bxa3 23. Ra1 Be7 24. Rxe3 f5 25. Rc1 fxe4 26. Bxe4 Rc8 27. Rxc8+
Bxc8 28. Rc3 Kf7 29. h4 Bf6 30. Rc7+ Ne7 31. Kg2 Rd8 32. Kh3 Rd7 33. Rc2 Bb7
34. Bxh7 g6 35. h5 Kg7 36. hxg6 Nxg6 37. Bxg6 Kxg6 38. Kg4 Be4 39. Ra2 Bd3 40.
Ra3 Bb5 41. Kf3 Rd3+ 42. Rxd3 Bxd3 43. Ke3 Bb5 44. g4 Be7 45. Kd2 Bd6 46. f5+
exf5 47. gxf5+ Kxf5 48. Kc3 Be5+ 49. Kb3 Ke6 50. Ka2 Kd6 51. Kb3 Kc5 52. Ka3 a5
53. Kb3 a4+ 54. Ka3 Kc4 55. Ka2 Kb4 56. Kb1 Bc4 57. Kc1 a3 58. Kb1 a2+ 59. Kc2
a1=Q 60. Kd2 Qc3+ 61. Kd1 Bb3+ 62. Ke2 Bc4+ 63. Kd1 Qd3+ 64. Kc1 Bb2+ 65. Kxb2
Qc3+ 66. Kb1 Qd2 67. Ka1 Qa2# 0-1

[Event "Junior Online 4NCL Division 1"]
[Site "online"]
[Date "2020.04.16"]
[Round "1.35"]
[White "Cont, Arya"]
[Black "Watson, Mikey J"]
[Result "1-0"]
[WhiteElo "2147"]
[BlackElo "2042"]
[PlyCount "129"]
[EventDate "2020.04.16"]
[WhiteTeam "Ojays A"]
[BlackTeam "KJCA Young Kestrels A"]

1. b3 d5 2. Bb2 c5 3. e3 Nc6 4. Bb5 Nf6 5. Nf3 Bg4 6. h3 Bh5 7. g4 Bg6 8. Ne5
Rc8 9. d3 Qb6 10. Bxc6+ bxc6 11. h4 h5 12. Nxg6 fxg6 13. gxh5 gxh5 14. Nd2 Qb4
15. Qf3 Qg4 16. Ke2 Qxf3+ 17. Nxf3 Ng4 18. Ng5 Kd7 19. Rag1 e6 20. Nf7 Rh7 21.
f3 Nf6 22. Rg6 Ke7 23. Ng5 Rh6 24. Rxh6 gxh6 25. Bxf6+ Kxf6 26. Nh3 e5 27. f4
Bd6 28. Rf1 Ke6 29. Rg1 Kf6 30. Kf3 Re8 31. fxe5+ Bxe5 32. Nf4 Bxf4 33. Kxf4
Rf8 34. e4 Ke6+ 35. Ke3 d4+ 36. Ke2 Rf4 37. Rg6+ Kd7 38. Rxh6 Rxh4 39. Rh7+ Kd6
40. Rxa7 Rh2+ 41. Kd1 h4 42. Rh7 h3 43. a4 Rh1+ 44. Kd2 h2 45. a5 Ra1 46. Rxh2
Rxa5 47. Rh6+ Kd7 48. Rh5 Kd6 49. b4 Rb5 50. bxc5+ Kc7 51. Rh7+ Kc8 52. Rh5 Kc7
53. Kc1 Kc8 54. Rh6 Kc7 55. Rd6 Rxc5 56. Rxd4 Re5 57. Kd2 Rh5 58. Kc3 Kb6 59.
Rb4+ Kc5 60. d4+ Kd6 61. Kc4 Rh2 62. c3 Rh3 63. Rb7 Re3 64. e5+ Ke6 65. Rc7 1-0

[Event "Junior Online 4NCL Division 1"]
[Site "online"]
[Date "2020.04.16"]
[Round "1.36"]
[White "Ismail, Mohammed Aayan"]
[Black "Sieczkowski, Adam"]
[Result "1-0"]
[WhiteElo "2042"]
[BlackElo "2005"]
[PlyCount "68"]
[EventDate "2020.04.16"]
[WhiteTeam "KJCA Young Kestrels A"]
[BlackTeam "Ojays A"]

1. d4 Nf6 2. g3 c5 3. dxc5 e6 4. Bg2 Bxc5 5. e4 d5 6. exd5 Nxd5 7. Nf3 O-O 8.
O-O Nc6 9. a3 a5 10. Qe2 Qc7 11. c4 Nb6 12. Bf4 Qe7 13. Nc3 f6 14. Ne4 e5 15.
Bd2 Be6 16. Rac1 Nd4 17. Nxd4 Bxd4 18. Rc2 h6 19. Be3 Bxe3 20. fxe3 f5 21. Nd2
Rac8 22. Rfc1 f4 23. exf4 exf4 24. Kh1 fxg3 25. hxg3 Rce8 26. c5 Nd5 27. Ne4
Qd7 28. c6 bxc6 29. Rxc6 Bh3 30. Rd6 Qf5 31. Rxd5 Bxg2+ 32. Qxg2 Qxd5 33. Nf6+
Rxf6 34. Qxd5+ Rfe6 1-0

[Event "Junior Online 4NCL Division 1"]
[Site "online"]
[Date "2020.04.16"]
[Round "1.37"]
[White "Zhu, Hou Ning"]
[Black "Ratnesan, Rajeiv"]
[Result "0-1"]
[WhiteElo "1885"]
[BlackElo "2057"]
[PlyCount "84"]
[EventDate "2020.04.16"]
[WhiteTeam "Ojays A"]
[BlackTeam "KJCA Young Kestrels A"]

1. c4 b6 2. g3 Bb7 3. Nf3 g6 4. Bg2 Bg7 5. O-O e6 6. Nc3 Ne7 7. d4 d6 8. e3 O-O
9. Qc2 Nd7 10. b3 c5 11. Bb2 cxd4 12. Nxd4 Bxg2 13. Kxg2 a6 14. Rad1 Qc7 15. e4
Ne5 16. Qe2 N5c6 17. Nxc6 Nxc6 18. Qe3 Ne5 19. h3 f5 20. f4 Nd7 21. Qd3 Nc5 22.
Qxd6 Qxd6 23. Rxd6 Bxc3 24. Bxc3 Nxe4 25. Rd3 Rfd8 26. Rfd1 Rxd3 27. Rxd3 Nxc3
28. Rxc3 Rd8 29. Rc2 Kf7 30. Kf2 Kf6 31. Ke2 e5 32. fxe5+ Kxe5 33. Rd2 Rxd2+
34. Kxd2 Ke4 35. Ke2 h6 36. h4 g5 37. hxg5 hxg5 38. a3 f4 39. gxf4 gxf4 40. Kf2
Kd3 41. Kf3 Kc3 42. Kxf4 Kxb3 0-1